The Computer age : A twenty-year view
Đã lưu trong:
| Format: | Bog |
|---|---|
| Sprog: | Undetermined |
| Udgivet: |
Cambridge
MIT Press
1979
|
| Fag: | |
| Tags: |
Tilføj Tag
Ingen Tags, Vær først til at tagge denne postø!
|
| Thư viện lưu trữ: | Trung tâm Học liệu Trường Đại học Cần Thơ |
|---|
| LEADER | 00499nam a2200181Ia 4500 | ||
|---|---|---|---|
| 001 | CTU_87208 | ||
| 008 | 210402s9999 xx 000 0 und d | ||
| 082 | |a 301.24 | ||
| 082 | |b C737 | ||
| 245 | 4 | |a The Computer age : | |
| 245 | 2 | |b A twenty-year view | |
| 245 | 0 | |c edited by Michael L. Dertouzos and Joel Moses | |
| 260 | |a Cambridge | ||
| 260 | |b MIT Press | ||
| 260 | |c 1979 | ||
| 650 | |a computers and civilization | ||
| 904 | |i M.Loan | ||
| 980 | |a Trung tâm Học liệu Trường Đại học Cần Thơ | ||